| 000 | 00960cam a2200241 a 4500 | ||
|---|---|---|---|
| 001 | 2960906 | ||
| 005 | 20180310023857.0 | ||
| 008 | 910718s1991 nyu b 001 0 eng | ||
| 010 | _a 91029197 | ||
| 020 | _a0313282021 (alk. paper) | ||
| 040 |
_aDLC _cDLC _dDLC |
||
| 041 | _aeng | ||
| 043 | _an-us--- | ||
| 080 | _a342.7302 | ||
| 082 | 0 | 0 |
_a342.7302 GRE _a347.3022014 _220 |
| 100 | 1 | _a14 | |
| 101 | _aSHJ | ||
| 245 | 1 | 4 |
_aThe language of the Constitution : _cThurston Greene ; foreword by Warren E. Burger ; Stuart B. Flexner, editor-in-chief ... [et al.]. |
| 504 | _aIncludes bibliographical references (p. [xxvii]-xxviii) and index. | ||
| 906 |
_a7 _bcbc _corignew _d1 _eocip _f19 _gy-gencatlg |
||
| 942 |
_2ddc _cBK |
||
| 999 |
_c44644 _d44644 |
||